Online
Catalog

Ayer y hoy de la tragedia : (Record no. 35813)

MARC details
000 -CABECERA
campo de control de longitud fija 00436nam a2200133 a 4500
001 - NÚMERO DE CONTROL
campo de control 000036322
005 - FECHA Y HORA DE LA ÚLTIMA TRANSACCIÓN
campo de control 20200930075652.0
008 - DATOS DE LONGITUD FIJA--INFORMACIÓN GENERAL
campo de control de longitud fija 120113s1989 sp 000 0 spa d
040 ## - FUENTE DE LA CATALOGACIÓN
Centro catalogador/agencia de origen DO-SdBNP
Lengua de catalogación spa
Centro/agencia transcriptor BNPHU
100 1# - ENTRADA PRINCIPAL--NOMBRE DE PERSONA
Nombre de persona Diaz Tejera, Alberto
9 (RLIN) 41182
245 10 - MENCIÓN DE TÍTULO
Título Ayer y hoy de la tragedia :
Resto del título manifestaciones histórico-literarias de lo trágico /
Mención de responsabilidad, etc. Alberto Diaz Tejera.
260 ## - PUBLICACIÓN, DISTRIBUCIÓN, ETC.
Lugar de publicación, distribución, etc. Sevilla :
Nombre del editor, distribuidor, etc. Alfar,
Fecha de publicación, distribución, etc. 1989.
300 ## - DESCRIPCIÓN FÍSICA
Extensión 199 p. ;
Dimensiones 21 cm.
Holdings
Estado de retiro Estado de pérdida Restricciones de uso No para préstamo Código de colección Localización permanente Ubicación/localización actual Ubicación en estantería Fecha de adquisición Número de inventario Total de préstamos Signatura topográfica completa Código de barras Fecha visto por última vez Precio válido a partir de Tipo de ítem Koha
        Monografías: Libros y Folletos General General Orden iniciada 13.01.2012 LF1   36323-10 25.06.2020 25.06.2020 No se presta

Powered by Koha